Una visión ciudadana sobre la democracia, hija legítima de la calle /

El documento presenta una análisis de la visión que tienen las personas acerca de los procesos de democracia.

Uloženo v:
Podrobná bibliografie
Hlavní autor: Vargas Barrantes, Albino
Médium: Text
Jazyk:Spanish
Vydáno: San José ANEP 2006
Témata:
Tagy: Přidat tag
Žádné tagy, Buďte první, kdo vytvoří štítek k tomuto záznamu!

MARC

LEADER 00000 a a2200000 04500
001 34553
003 cru CIDCACS/IIS
005 20230626093557.0
008 170511e2006 cr ||||| |||| 00| 0 spa d
040 |c CIDCACS/IIS 
090 |a 04.04.02 V297u  
100 |a Vargas Barrantes, Albino  
245 |a Una visión ciudadana sobre la democracia, hija legítima de la calle /  |c Albino Vargas Barrantes 
260 |a San José   |b ANEP  |c 2006 
300 |a 8 páginas 
520 |a El documento presenta una análisis de la visión que tienen las personas acerca de los procesos de democracia. 
650 0 |9 83  |a DEMOCRACIA 
650 0 |9 414  |a CIUDADANIA 
650 0 |9 4322  |a OPINION  
651 0 |9 32  |a COSTA RICA 
942 |2 ddc  |c LI  |h 04.04.02 V297u   |i 00391  |6 040402_V297U_00391 
999 |c 15654  |d 15654